MARC

LEADER 00000nam0a2200000 4500
001 311194
005 20231102002348.0
020 |a RU  |b 82-19529 
035 |a (RuTPU)RU\TPU\book\336549 
090 |a 311194 
100 |a 20151203d1981 km y0rusy5003 ca 
101 0 |a rus 
102 |a RU 
105 |a a z 001zy 
200 1 |a Новые процессы обогащения руд  |e сборник научных трудов (Междуведомственный)  |f Всесоюзный научно-исследовательский и проектный институт механической обработки полезных ископаемых (Механобр) ; под ред. В. И. Ревнивцева 
210 |a Ленинград  |c Изд-во Ин-та "Механобр"  |d 1981 
215 |a 85 с.  |c ил. 
320 |a Библиография в конце статей 
606 1 |a Руды  |x Обогащение  |2 stltpush  |3 (RuTPU)RU\TPU\subj\26130  |9 50128 
610 1 |a цветные металлы 
610 1 |a радиометрическое обогащение 
610 1 |a рудоподготовка 
610 1 |a сортировка 
610 1 |a сепараторы 
610 1 |a технологические схемы 
610 1 |a вольфрамовые обогатительные фабрики 
610 1 |a рентгенометрические сепараторы 
610 1 |a магнитная сепарация 
675 |a 622.7:622.34  |z rus  |v 3 
702 1 |a Ревнивцев  |b В. И.  |g Владимир Иванович  |4 340 
712 0 2 |a Всесоюзный научно-исследовательский и проектный институт механической обработки полезных ископаемых (Механобр)  |c (Ленинград)  |2 stltpush  |3 (RuTPU)RU\TPU\col\12663 
801 0 |a RU  |b RuMRKP  |c 19950704  |g psbo 
801 1 |a RU  |b 63413507  |c 20151203 
801 2 |a RU  |b 63413507  |c 20180925  |g RCR 
942 |c BK